|
|
|
|
| LEADER |
01397nam a2200265 i 4500 |
| 003 |
GR-PaULI |
| 005 |
20220222133851.0 |
| 008 |
220222b20162018gr ||||g b||| 000 0 gre d |
| 952 |
|
|
|0 0
|1 0
|2 ddc
|4 0
|6 371_360000000000000_ΚΑΛ
|7 0
|9 356756
|a LISK
|b LISK
|c BSC
|d 2022-02-22
|i 69815
|l 0
|o 371.36 ΚΑΛ
|p 992410069815
|r 2022-02-22 00:00:00
|t 1
|w 2022-02-22
|y BK15
|
| 952 |
|
|
|0 0
|1 0
|2 ddc
|4 0
|6 371_360000000000000_ΚΑΛ
|7 0
|9 356757
|a LISK
|b LISK
|c BSC
|d 2022-02-22
|i 69816
|l 0
|o 371.36 ΚΑΛ
|p 992410069816
|r 2022-02-22 00:00:00
|t 2
|w 2022-02-22
|y BK15
|
| 999 |
|
|
|c 208827
|d 208827
|
| 020 |
|
|
|a 9789603339717
|
| 040 |
|
|
|a GR-PaULI
|b gre
|c GR-PaULI
|e AACR2
|
| 082 |
0 |
|
|2 23
|a 371.36
|
| 100 |
1 |
|
|9 190426
|a Καλδή, Σταυρούλα Ε.
|e συγγραφέας
|
| 245 |
1 |
0 |
|a Διδακτική μέθοδος project και διαθεματικότητα :
|b θεωρία, έρευνα και πράξη /
|c Σταυρούλα Ε. Καλδή, Μάνος Ν. Κόνσολας.
|
| 250 |
|
|
|a β' εκδ.
|
| 260 |
|
|
|a Αθήνα :
|b Γρηγόρης,
|c c2018.
|
| 300 |
|
|
|a 364 σ.;
|c 24 εκ.
|
| 504 |
|
|
|a Βιβλιογραφία: σ. 309-333.
|
| 650 |
0 |
4 |
|9 39541
|a Μέθοδος Project (Εκπαίδευση)
|
| 650 |
0 |
4 |
|9 35839
|a Μέθοδοι διδασκαλίας
|x Μέθοδος Project
|
| 700 |
1 |
|
|9 148713
|a Κόνσολας, Μάνος
|e συγγραφέας
|
| 942 |
|
|
|2 ddc
|c BK15
|
| 998 |
|
|
|c ΧΡΙΣΤΟΠΟΥΛΟΥ
|d 2022/02
|